Catálogo

Vista normal Vista MARC

Entrada Personal Name

Número de registros utilizados en: 1

001 - CONTROL NUMBER

  • control field: 17503

003 - CONTROL NUMBER IDENTIFIER

  • control field: DLC

005 - DATE AND TIME OF LATEST TRANSACTION

  • control field: 20250924105506.0

008 - FIXED-LENGTH DATA ELEMENTS

  • fixed length control field: 790411n| azannaabn |b aaa

010 ## - LIBRARY OF CONGRESS CONTROL NUMBER

  • LC control number: n 79021458

035 ## - SYSTEM CONTROL NUMBER

  • System control number: (OCoLC)oca00255256

040 ## - CATALOGING SOURCE

  • Original cataloging agency: DLC
  • Language of cataloging: spa
  • Description conventions: rda
  • Transcribing agency: Mx-PuUPA
  • Modifying agency: CoU
  • Modifying agency: GU
  • Modifying agency: OCl
  • Modifying agency: OCoLC
  • Modifying agency: TNJ
  • Modifying agency: CFCPL
  • Modifying agency: UPB
  • Modifying agency: OCoLC
  • Modifying agency: Mx-PuUPA

046 ## - SPECIAL CODED DATES

  • Birth date: 1909
  • Death date: 20010722
  • Source of date scheme: edtf

053 #0 - LC CLASSIFICATION NUMBER

  • Classification number element--single number or beginning number of span: PQ4829.O575

100 1# - HEADING--PERSONAL NAME

  • Personal name: Montanelli, Indro,
  • Dates associated with a name: 1909-2001

370 ## - ASSOCIATED PLACE

  • Place of birth: Fucecchio (Italia)
  • Place of death: Milan (Italia)
  • Source of term: naf

374 ## - OCCUPATION

  • Occupation: Autor

375 ## - GENDER

  • Gender: hombre

377 ## - ASSOCIATED LANGUAGE

  • Language code: ita

400 1# - SEE FROM TRACING--PERSONAL NAME

  • Personal name: Montʻanelli, Indŭro,
  • Dates associated with a name: 1909-2001

400 1# - SEE FROM TRACING--PERSONAL NAME

  • Personal name: 몬타넬리, 인드로,
  • Dates associated with a name: 1909-2001

670 ## - SOURCE DATA FOUND

  • Source citation: His Milano ventesimo secolo, c1990:
  • Information found: t.p. (Indro Montanelli) jkt. (b. 1909, Fucecchio (Firenze))

670 ## - SOURCE DATA FOUND

  • Source citation: New York times, July 26, 2001:
  • Information found: obituaries (Indro Montanelli; Fascist journalist; b. in Fucecchio [Italy]; d. July 22, 2001 in Milan at age 92)

670 ## - SOURCE DATA FOUND

  • Source citation: Roma cheguksa, 1988:
  • Information found: t.p. (Indŭro Montʻanelli; 인드로 몬타넬리)